| 000 | 01812nam a2200397 a 4500 | ||
|---|---|---|---|
| 001 | ebr10752399 | ||
| 003 | CaPaEBR | ||
| 006 | m o u | ||
| 007 | cr cn||||||||| | ||
| 008 | 130114s2013 ja a sb i001 0 eng d | ||
| 010 | _z 2012048633 | ||
| 020 | _z9789280812237 (pbk.) | ||
| 020 | _z9789280871920 (e-book) | ||
| 040 |
_aCaPaEBR _cCaPaEBR |
||
| 035 | _a(OCoLC)868951055 | ||
| 043 |
_aa-ja--- _aa------ |
||
| 050 | 1 | 4 |
_aHD1289.J3 _bL63 2013eb |
| 082 | 0 | 4 |
_a333.73 _223 |
| 245 | 0 | 0 |
_aLocal commons and democratic environmental governance _h[electronic resource] / _cedited by Takeshi Murota and Ken Takeshita. |
| 260 |
_aTokyo, Japan : _bUnited Nations University Press, _c2013. |
||
| 300 |
_axxvi, 412 p. : _bill. |
||
| 504 | _aIncludes bibliographical references and index. | ||
| 505 | 0 | _apt. I. Theoretical studies of the commons -- pt. II. Institution of the commons -- pt. III. Local commons and survival strategies under globalization -- pt. IV. Collaboration, democracy and multilevel environmental governance. | |
| 533 |
_aElectronic reproduction. _bPalo Alto, Calif. : _cebrary, _d2013. _nAvailable via World Wide Web. _nAccess may be limited to ebrary affiliated libraries. |
||
| 650 | 0 |
_aNatural resources, Communal _zJapan _xManagement. |
|
| 650 | 0 |
_aCommons _zJapan. |
|
| 650 | 0 |
_aEnvironmental policy _zJapan _xCitizen participation. |
|
| 650 | 0 |
_aNatural resources, Communal _zAsia _xManagement. |
|
| 650 | 0 |
_aCommons _zAsia. |
|
| 650 | 0 |
_aEnvironmental policy _zAsia _xCitizen participation. |
|
| 655 | 7 |
_aElectronic books. _2local |
|
| 700 | 1 |
_aMurota, Takeshi, _d1943- |
|
| 700 | 1 |
_aTakeshita, Ken, _d1946- |
|
| 710 | 2 | _aebrary, Inc. | |
| 856 | 4 | 0 |
_uhttp://site.ebrary.com/lib/rucke/Doc?id=10752399 _zAn electronic book accessible through the World Wide Web; click to view |
| 999 |
_c115966 _d115966 |
||